| 000 | 00924nam a2200253Ia 4500 | ||
|---|---|---|---|
| 003 | OSt | ||
| 005 | 20221005104350.0 | ||
| 006 | a|||||r|||| 00| 0 | ||
| 007 | ta | ||
| 008 | 221004b |||||||| |||| 00| 0 hin d | ||
| 020 |
_a8189102745 (hbk) _c335.75 |
||
| 024 | _a105660 | ||
| 037 |
_b12962, 19/03/2011, Kitab Ghar _cTextual |
||
| 040 |
_aCRL _cCRL _bhin |
||
| 041 |
_2hin _ahin |
||
| 082 | _aT:3-8, P9 | ||
| 100 | _aगोयल, राजीव | ||
| 245 | 0 | _aशैक्षिक तकनीकी तथा कक्षा - कक्ष प्रबन्ध | |
| 246 | _aShaikṣhik takanīkī tathā kakṣhā - kakṣha prabandha | ||
| 260 |
_aदिल्ली _bप्रेरणा प्रकाशन भारत _c2009 |
||
| 300 |
_a175पृ0 _ccm. |
||
| 942 |
_hT:3-8, P9 _cTEXL _2cc |
||
| 999 |
_c1012472 _d1012472 |
||